书目信息 |
| 题名: |
络合物组成的测试方法
|
|
| 作者: | 薛光 , 朱盈权 , 丘星初 编著 | |
| 分册: | ||
| 出版信息: | 成都 四川科学技术出版社 1985 |
|
| 页数: | 228页 | |
| 开本: | 20cm | |
| 丛书名: | ||
| 单 册: | ||
| 中图分类: | O641.4 | |
| 科图分类: | ||
| 主题词: | 络合物化学--测试--技术教育--教学参考资料 | |
| 电子资源: | ||
| ISBN: | ||
| 000 | 00754nam0 2200265 45 | |
| 001 | 0185009528 | |
| 005 | 20060728171140.56 | |
| 010 | @dCNY1.70 | |
| 091 | @a15298.62 | |
| 100 | @a19900904d1985 em y0chiy0121 ea | |
| 101 | 0 | @achi |
| 102 | @aCN@b510000 | |
| 105 | @aa z 000yy | |
| 200 | 10 | @a络合物组成的测试方法@Aluo he wu zu cheng de ce shi fang fa@f薛光等编著 |
| 210 | @a成都@c四川科学技术出版社@d1985 | |
| 215 | @a228页@d20cm | |
| 300 | @a职工技术培训读物 | |
| 606 | @a络合物化学@x测试@x技术教育@x教学参考资料 | |
| 690 | @aO641.4@v3 | |
| 701 | 0 | @a薛光@Axue guang@4编著 |
| 701 | 0 | @a朱盈权@Azhu ying quan@4编著 |
| 701 | 0 | @a丘星初@Aqiu xing chu@4编著 |
| 801 | 2 | @aCN@bNLC@c20060728 |
| 801 | 0 | @aCN@bTSSF |
| 905 | @a10447@dO641.4@e57 | |
| 络合物组成的测试方法/薛光等编著.-成都:四川科学技术出版社,1985 |
| 228页;20cm |
| 职工技术培训读物 |
| ISBN :CNY1.70 |
| ● |
| 相关链接 |
|
|
|
|
正题名:络合物组成的测试方法
索取号:O641.4/57
 
预约/预借
| 序号 | 登录号 | 条形码 | 馆藏地/架位号 | 状态 | 备注 |
| 1 | 0433928 | 204339288 | 密集书库/ [索取号:O641.4/57] | 在馆 |